Kraje Azji (Bardzo Trudne +) - Statystyki

Ogólne statystyki
  • Ten quiz został rozwiązany 130 razy
    80 od ostatniego zresetowania
  • Średni wynik to 33 z 71
Statystyki odpowiedzi
Stolica Kraj % Poprawnych
Tokio Japonia
86%
Nowe Delhi Indie
83%
Pjongjang Korea Północna
82%
Moskwa Rosja
82%
Seul Korea Południowa
80%
Singapur Singapur
77%
Pekin Chiny
75%
Jerozolima Izrael
75%
Sri Dźajawardanapura Kotte Sri Lanka
74%
Bangkok Tajlandia
74%
Tbilisi Gruzja
72%
Teheran Iran
72%
Abu Zabi Zjednoczone Emiraty Arabskie
72%
Kuwejt Kuwejt
71%
Ankara Turcja
71%
Rijad Arabia Saudyjska
69%
Astana Kazachstan
69%
Baku Azerbejdżan
68%
Nikozja Cypr
68%
Kair Egipt
65%
Islamabad Pakistan
65%
Manila Filipiny
63%
Hong Kong Hong Kong
63%
Dżakarta Indonezja
63%
Ułan Bator Mongolia
63%
Damaszek Syria
62%
Kabul Afganistan
60%
Hanoi Wietnam
57%
Erywań Armenia
55%
Bagdad Irak
55%
Kuala Lumpur Malezja
55%
Doha Katar
52%
Tajpej Tajwan
52%
Taszkent Uzbekistan
52%
Dhaka Bangladesz
51%
Wientian Laos
51%
Bejrut Liban
51%
Male Malediwy
51%
Katmandu Nepal
51%
Amman Jordania
49%
Maskat Oman
49%
Duszanbe Tadżykistan
48%
Sana Jemen
46%
Aszchabad Turkmenistan
46%
Biszkek Kirgistan
43%
Phnom Penh Kambodża
42%
Makau Makau
40%
Naypyidaw Mjanma
38%
Bandar Seri Begawan Brunei
37%
Dili Timor Wschodni
37%
Thimphu Bhutan
34%
Manama Bahrajn
31%
Ramallah Palestyna
18%
Sapporo Hokkaido
17%
Lhasa Tybetański Region Autonomiczny
17%
Jakuck Jakucja
14%
Diyarbakır Kurdystan
14%
Flying Fish Cove Wyspa Bożego Narodzenia
11%
Suchumi Abchazja
8%
Batumi Adżaria
8%
Gornoałtajsk Ałtaj
6%
Cchinwali Osetia Południowa
6%
Urumczi Sinciang
6%
Diego Garcia Brytyjskie Terytorium Oceanu Indyjskiego
5%
Ułan Ude Buriacja
5%
West Island Wyspy Kokosowe
5%
Abakan Chakasja
3%
Chorog Górski Badachszan
3%
Nukus Karakałpacja
3%
Naha Okinawa
3%
Kyzył Tuwa
3%
Nie znaleziono quizów pasujących do podanych kryteriów
Rozkład punktacji
Procent ludzi z każdym wynikiem
Percentyl według liczby udzielonych odpowiedzi
Twoja historia wyników
Nie rozwiązałeś tego quizu od ostatniego zresetowania